Cài đặt đa hệ điều hành trên một máy tính

Αποθηκεύτηκε σε:
Λεπτομέρειες βιβλιογραφικής εγγραφής
Μορφή: Βιβλίο
Γλώσσα:Vietnamese
Έκδοση: Thống Kê 2002
Θέματα:
Ετικέτες: Προσθήκη ετικέτας
Δεν υπάρχουν, Καταχωρήστε ετικέτα πρώτοι!
Thư viện lưu trữ: Mạng thư viện Đại học Đà Nẵng
LEADER 01026nam a2200301 a 4500
001 000002171
003 00551
005 20171229145311.0
008 171229s2002 vie
040 |a LSK 
041 0 |a VIE 
082 0 |a 005.4  |b Ca-Đ 
245 0 0 |a Cài đặt đa hệ điều hành trên một máy tính  |c VN-Guide, Đinh Xuân Lâm tổng hợp và biên soạn 
260 |b Thống Kê  |c 2002 
300 |a 390 pages  |c 20,5 cm. 
653 |a Máy tính - Hệ điều hành 
852 |a Phòng Đọc - Phòng Mượn 
901 |a 8 
927 |a Sách tham khảo 
OWN |a LSK 
AVA |a UDN50  |b LSK  |d 005.4 Ca-Đ  |e available  |t Error 5001 Not defined in file expand_doc_bib_avail.  |f 8  |g 0  |h N  |i 0  |k 1 
999 |a From the UDN01 
AVA |a UDN50  |b LSK  |d 005.4 Ca-Đ  |e available  |t Error 5001 Not defined in file expand_doc_bib_avail.  |f 8  |g 0  |h N  |i 0  |k 1 
TYP |a Monograph 
TYP |a Printed language 
980 |a Mạng thư viện Đại học Đà Nẵng